| Tag |
First Indicator |
Second Indicator |
Subfields |
| LEADER |
00000cam a2200000 a 4500 |
| 001 |
in00001414607 |
| 005 |
20151020071120.0 |
| 008 |
980505s1998 dcua f000 0 eng d |
| 035 |
|
|
|a (OCoLC)39063583
|
| 035 |
|
|
|9 AHQ0661AM
|
| 040 |
|
|
|d GAO
|d GPO
|d DLC
|d MvI
|d UtOrBLW
|
| 043 |
|
|
|a n-us---
|
| 049 |
|
|
|a UDOC
|
| 074 |
|
|
|a 0556-C
|
| 086 |
0 |
|
|a I 1.2:P 94
|
| 090 |
|
|
|a S944
|b .P7 1998
|
| 100 |
1 |
|
|a Babbitt, Bruce E.
|
| 245 |
1 |
0 |
|a Protecting our national treasures :
|b a new era in America's conservation legacy : a report to the President and the Vice President /
|c submitted by Bruce Babbitt and Dan Glickman ; in cooperation with Environmental Protection Agency [and others].
|
| 246 |
3 |
0 |
|a New era in America's conservation legacy
|
| 264 |
|
1 |
|a [Washington, D.C.?] :
|b [U.S. Dept. of the Interior],
|c [1998?]
|
| 300 |
|
|
|a ix, 31 pages :
|b illustrations ;
|c 28 cm.
|
| 336 |
|
|
|a text
|b txt
|2 rdacontent
|
| 337 |
|
|
|a unmediated
|b n
|2 rdamedia
|
| 338 |
|
|
|a volume
|b nc
|2 rdacarrier
|
| 500 |
|
|
|a Cover title.
|
| 500 |
|
|
|a Shipping list number: 98-0232-P.
|
| 650 |
|
0 |
|a Conservation of natural resources
|z United States.
|
| 650 |
|
0 |
|a National parks and reserves
|z United States.
|
| 650 |
|
0 |
|a Wildlife conservation
|z United States.
|
| 700 |
1 |
|
|a Glickman, Dan.
|
| 710 |
1 |
|
|a United States.
|b Department of the Interior.
|
| 710 |
1 |
|
|a United States.
|b Environmental Protection Agency.
|
| 999 |
|
|
|a MARS
|
| 999 |
f |
f |
|s 621afc00-e368-339d-9b51-cb09de7dd1a7
|i f22deb11-6062-3347-833d-a47e1d96e528
|t 0
|
| 952 |
f |
f |
|p normal
|a Texas A&M University
|b College Station
|c Sterling C. Evans Library
|d Evans: US Documents (Annex 5th floor)
|t 0
|e I 1.2:P 94
|h Superintendent of Documents classification
|i unmediated -- volume
|m A14822837462
|
| 998 |
f |
f |
|a I 1.2:P 94
|t 0
|l Evans: US Documents (Annex 5th floor)
|